Argentina in pictures / (Record no. 997)

MARC details
000 -LEADER
fixed length control field 01197cam a22003254a 4500
005 - DATE AND TIME OF LATEST TRANSACTION
control field 20260322212042.0
008 - FIXED-LENGTH DATA ELEMENTS--GENERAL INFORMATION
fixed length control field data
010 ## - LIBRARY OF CONGRESS CONTROL NUMBER
LC control number 2002004713
020 ## - INTERNATIONAL STANDARD BOOK NUMBER
International Standard Book Number 0822503727 (lib. bdg.)
020 ## - INTERNATIONAL STANDARD BOOK NUMBER
International Standard Book Number 9780822503729 (lib. bdg.)
040 ## - CATALOGING SOURCE
Original cataloging agency DLC
Transcribing agency DLC
Modifying agency DLC
042 ## - AUTHENTICATION CODE
Authentication code pcc
043 ## - GEOGRAPHIC AREA CODE
Geographic area code s-ag---
050 00 - LIBRARY OF CONGRESS CALL NUMBER
Classification number F2808.2
Item number .S76 2003
082 00 - DEWEY DECIMAL CLASSIFICATION NUMBER
Classification number 982
Edition information 21
092 ## - LOCALLY ASSIGNED DEWEY CALL NUMBER (OCLC)
Classification number 982 Str 2003
001 - CONTROL NUMBER
control field data
100 1# - MAIN ENTRY--PERSONAL NAME
Personal name Streissguth, Thomas,
Dates associated with a name 1958-
245 10 - TITLE STATEMENT
Title Argentina in pictures /
Statement of responsibility, etc. Thomas Streissguth.
260 ## - PUBLICATION, DISTRIBUTION, ETC.
Place of publication, distribution, etc. Minneapolis, MN :
Name of publisher, distributor, etc. Lerner Publications,
Date of publication, distribution, etc. c2003.
300 ## - PHYSICAL DESCRIPTION
Extent 80 p. :
Other physical details ill. (chiefly col.), col. maps ;
Dimensions 27 cm.
490 1# - SERIES STATEMENT
Series statement Visual geography series
500 ## - GENERAL NOTE
General note Rev. and expanded.
504 ## - BIBLIOGRAPHY, ETC. NOTE
Bibliography, etc. note Includes bibliographical references (p. 74-77) and index.
651 #0 - SUBJECT ADDED ENTRY--GEOGRAPHIC NAME
Geographic name Argentina
Form subdivision Juvenile literature.
830 #0 - SERIES ADDED ENTRY--UNIFORM TITLE
Uniform title Visual geography series (Minneapolis, Minn.)
906 ## - LOCAL DATA ELEMENT F, LDF (RLIN)
a 7
b cbc
c orignew
d 1
e ecip
f 20
g y-gencatlg
925 0# -
-- acquire
-- 1 shelf copies
-- policy default
955 ## - COPY-LEVEL INFORMATION (RLIN)
-- lc07 2002-03-25
-- lc15 2003-06-09
-- lc15 2003-06-09
-- lc15 2003-06-09
Holdings
Withdrawn status Lost status Damaged status Not for loan Home library Current library Shelving location Date acquired Total checkouts Full call number Barcode Date last seen Price effective from Koha item type
        Pleasant Valley Pleasant Valley General stacks 22/03/2026   982 21 BC0011030 22/03/2026 22/03/2026 Books